Statistiken für MUSIKCHARTS: Deutsche TOP-100-Jahrescharts 1994

Klicken Sie hier um das Quiz zu spielen!

Allgemein

  • Dieses Quiz wurde 50 mal gespielt
  • Das Durchschnittsergebnis liegt bei 32 aus 100

Antwortstatistiken

PlatzInterpretLied% Korrekt
64Die ÄrzteSchrei nach Liebe
90%
27ScooterHyper Hyper
86%
4RednexCotton Eye Joe
83%
74Die PrinzenAlles nur geklaut
79%
3Bruce SpringsteenStreets Of Philadelphia
74%
47Bryan AdamsPlease Forgive Me
74%
44Bon JoviAlways
67%
69Helge Schneider & HardcoreKatzeklo
67%
70Pet Shop BoysGo West
67%
20Meat LoafI'd Do Anything For Love (But I Won't Do That)
64%
75RoxetteSleeping In My Car
62%
45The Kelly FamilyAn Angel
62%
62DJ BoBoLet The Dream Come True
60%
56DJ BoBoTake Control
60%
10DJ BoBoEverybody
60%
1Mariah CareyWithout You
60%
11Ace Of BaseThe Sign
57%
39Ace Of BaseDon't Turn Around
57%
13Crash Test DummiesMmm Mmm Mmm Mmm
55%
42Take ThatBabe
55%
78AerosmithCryin'
52%
76Stefan Raab & Die BeklopptenBöörti Böörti Vogts
52%
16WhigfieldSaturday Night
52%
80Joe CockerSummer In The City
50%
6MarushaOver The Rainbow
50%
55MarushaIt Takes Me Away
50%
18Mo-DoEins, zwei, Polizei
50%
9Bryan Adams, Rod Stewart, StingAll For Love
45%
33K2Der Berg ruft
45%
14LucilectricMädchen
45%
12Prince Ital Joe feat. Marky MarkUnited
45%
17Prince Ital Joe feat. Marky MarkHappy People
45%
63Prince Ital Joe feat. Marky MarkLife In The Streets
45%
72East 17Around The World
40%
8East 17It's Alright
40%
52Snap! feat. SummerWelcome To Tomorrow
40%
34CoronaThe Rhythm Of The Night
36%
23EnigmaReturn To Innocence
36%
2All-4-OneI Swear
31%
38Culture BeatAnything
31%
7Wet Wet WetLove Is All Around
31%
432 UnlimitedThe Real Thing
29%
572 UnlimitedLet The Beat Control Your Body
29%
26Dr. AlbanLook Who's Talking!
29%
5Magic AffairOmen III
29%
48Magic AffairGive Me All Your Love
29%
68BeckLoser
26%
60Cinematic feat. Heinz Rühmann & Oliver GrimmUnser Lied (La Le Lu)
26%
37Warren G & Nate DoggRegulate
26%
50DoopDoop
24%
93Sheryl CrowAll I Wanna Do
24%
66HaddawayRock My Heart
21%
81HaddawayI Miss You
21%
51La BoucheSweet Dreams (Ola ola e)
21%
91Mariah CareyHero
21%
84Mark 'OhRandy (Never Stop That Feeling)
21%
21Mark 'OhLove Song
21%
86Mr. PresidentUp'n Away
21%
32The ProdigyNo Good (Start The Dance)
21%
46The SymbolThe Most Beautiful Girl In The World
21%
15Youssou N'Dour & Neneh Cherry7 Seconds
21%
28ErasureAlways
19%
58Ice MCThink About The Way
19%
85Ice MCIt's A Rainy Day
19%
24CappellaU Got 2 Let The Music
17%
31CappellaMove On Baby
17%
95Inner CircleGames People Play
17%
49MaxxGet-A-Way
17%
61MaxxNo More (I Can't Stand It)
17%
99Snoop Doggy DoggWhat's My Name?
17%
36StiltskinInside
17%
67MasterboyI Got To Give It Up
14%
54MasterboyFeel The Heat Of The Night
14%
22PerplexerAcid Folk
14%
100PerplexerDa Capo
14%
40PharaoI Show You Secrets
14%
87Sophie B. HawkinsRight Beside You
14%
82The B.C. 52's(Meet) The Flintstones
14%
88Jam & Spoon feat. PlavkaFind Me (Odyssey To Anyoona)
12%
29Jam & Spoon feat. PlavkaRight In The Night (Fall In Love With Music)
12%
25Joshua KadisonJessie
12%
98M PeopleDon't Look Any Further
12%
59B.G. The Prince Of RapThe Colour Of My Dreams
10%
77D:ReamThings Can Only Get Better
10%
92M.C. Sar & The Real McCoyAutomatic Lover (Call For Love)
10%
73Tag TeamWhoomp! (There It Is)
10%
53WestBamCelebration Generation
10%
35Big MountainBaby, I Love Your Way
7%
94Fun FactoryClose To You
7%
97K7Come Baby Come
7%
79LoftHold On
7%
30TNNLa cucamarcha
7%
89Urban Cookie CollectiveFeels Like Heaven
7%
19Reel 2 Real feat. The Mad StuntmanI Like To Move It
5%
71The GridSwamp Thing
5%
65Twenty 4 Seven feat. Stay-C and NanceSlave To The Music
5%
83Twenty 4 Seven feat. Stay-C and NanceTake Me Away
5%
41Twenty 4 Seven feat. Stay-C and NanceIs It Love
5%
90General BaseBase Of Love
2%
96Six Was NineDrop Dead Beautiful
2%

Verteilung der Resultate

Perzentil nach korrekt beantworteten Fragen

Anzahl Personen mit jedem Resultat

Ihre Resultats-Entwicklung

Sie haben dieses Quiz noch nicht gespielt